[Event "HCL-A081"]
[Site "www.playchess.de"]
[Date "2001.03.03"]
[Round "21"]
[White "jimmyaaa"]
[Black "jmcerna"]
[WhiteElo "1700"]
[BlackElo "1700"]
[PlyCount "29"]
[Result "1-0"]

1.e4 c5 2.Nf3 Nc6 3.d4 cxd4 4.Nxd4 Nf6 5.Nc3 e5 
6.Ndb5 d6 7.Bg5 a6 8.Na3 b5 9.Bxf6 gxf6 10.Nd5 f5 
11.c3 fxe4 12.Bxb5 axb5 13.Nxb5 Ra7 14.Nxa7 Nxa7 
15.Qa4+ 1-0

[Event "ACL-A087"]
[Site "www.playchess.de"]
[Date "2001.03.03"]
[Round "8"]
[White "MicronHead"]
[Black "Kasparovjr"]
[WhiteElo "1531"]
[BlackElo "1500"]
[PlyCount "34"]
[Result "0-1"]

1.Nf3 c5 2.Nc3 Nc6 3.e4 g6 4.Bc4 Bg7 5.d3 d6 6.O-O 
Nf6 7.Be3 O-O 8.Re1 Bg4 9.Bf4 Nd4 10.e5 Bxf3 
11.gxf3 dxe5 12.Bxe5 Qd7 13.a4 Qh3 14.Bg3 Nf5 
{Dare I ask what kind of software you are using?}  
15.a5 {Radio Shack Portable Chess Computer 1750L. 
And you?}  Nh5 {A demo version of Fritz, that only 
works until move 20 or so.}  16.Ne4 {You better 
hurry LOL}  Nh4 {I am. You are mate in four 
moves!}  17.Bxf7+ {!!?!!? So I am LOL good game}  
Kh8 0-1

[Event "HCL-A088"]
[Site "www.playchess.de"]
[Date "2001.03.03"]
[Round "14"]
[White "Chess_man_Mark"]
[Black "Kaotic"]
[WhiteElo "1700"]
[BlackElo "1600"]
[PlyCount "28"]
[Result "1/2-1/2"]

1.e4 d5 {Hello Mark.}  2.e5 e6 3.d4 {Hello to you 
also.}  Nc6 4.Nf3 f6 5.Bf4 b6 6.Nc3 {Where are you 
from?}  Bb4 {I'm from Waldron, Indiana.}  7.Bb5 
{I'm not that far from there. i live near the ky 
border in tenn}  Bd7 {Cool. That's not far from 
here at all!}  8.a3 {cool. nice to know there are 
god chess players close. lol}  Bxc3+ {Do you like 
to play tournament chess?}  9.bxc3 {Yeah. I like 
to see how good I really am? I win like 70% on 
another site. not too bad.}  g5 {That's Awsome! 
You're good.}  10.Bg3 Nh6 {What is the other site 
you go to?}  11.c4 {itsyourturn.com. its not a 
good site though}  Ng4 {Really! I play there too! 
My nickname there is Stickman. Do you have webtv?} 
 12.Bxc6 {yes. i am on webtv :-) i'm there too 
mark_anthony is my name there}  Bxc6 {Cool.}  
13.exf6 Nxf6 14.Nxg5 Qd7 {This game is going to 
get us nowhere. I calculated that It will be very 
even game. I offer a draw.}  1/2-1/2

[Event "HCL-A088"]
[Site "www.playchess.de"]
[Date "2001.03.03"]
[Round "19"]
[White "Kaotic"]
[Black "markjburden"]
[WhiteElo "1600"]
[BlackElo "1359"]
[PlyCount "35"]
[Result "1/2-1/2"]

1.d4 {Hello.}  d5 {hi from uk and good luck}  2.c4 
{Thanks Mark. Good luck to you too.}  e6 3.cxd5 
Qxd5 4.Nc3 Qd8 5.Nf3 Nc6 6.Bf4 a6 7.e4 {Excellent, 
you saw my Knight-Bishop trap.}  Bb4 {i have been 
caught by it before}  8.e5 {That trap does work 
well doesn't it?}  Nge7 9.Bg5 {Prepare for another 
trap. Look carefully...it's tricky. If you use 
your logic it will kill you.}  O-O 10.Bxe7 {Good, 
you saw that one too.}  Nxe7 11.a3 Ba5 12.Qd3 {I 
have a chaotic plan...}  Nf5 {I look forward to 
chaos :)}  13.b4 {I'm going to trap that Bishop!}  
Bb6 14.Na4 {I'm evil...}  Bxd4 15.Nxd4 {Told 
you...}  Qxd4 {my pawn may be useful later}  
16.Qxd4 Nxd4 17.O-O-O {I saw your knight fork...}  
Nb5 18.Rd3 {I offer a draw. We are going to get 
nowhere with this position.}  1/2-1/2

[Event "HCL-A088"]
[Site "www.playchess.de"]
[Date "2001.03.03"]
[Round "21"]
[White "Chess_man_Mark"]
[Black "markjburden"]
[WhiteElo "1700"]
[BlackElo "1359"]
[PlyCount "46"]
[Result "1/2-1/2"]

1.e4 c5 2.Bc4 e6 3.Nc3 Nc6 4.Nf3 h6 5.d4 cxd4 
{almost like game online at ICC at the moment}  
6.Nxd4 {I dont know what ICC is?}  Bb4 {icc is the 
internet chess club}  7.Nxc6 {oh. ok. Someone I 
was playing at another site recommended this one 
to me}  bxc6 {icc costs about $50 there are free 
sites - chessnet and frics}  8.Qf3 a5 9.O-O Nf6 
10.Bd2 O-O 11.e5 Ne8 12.Qg3 {You know? I'm not 
confident enough in my abilities to play chess to 
join something like the ICC.lol}  Kh8 13.Rfe1 d5 
14.exd6 Bxd6 {give chessnet.com or freechess.org a 
try}  15.Bf4 Bxf4 16.Qxf4 Nf6 17.Rad1 Qe7 18.Bd3 
Bb7 19.Ne4 {I play games with a woman named Penny 
from the U. K. Very  nice lady.}  Nxe4 {does she 
play on this site then?}  20.Bxe4 {No. I'm afraid 
she doesn't play chess very well. lol}  c5 {if you 
are like me i just enjoy the game - i must admit 
to hate losing rating points - but hey ho!}  
21.Bxb7 {I have found my game to be much weaer 
over the internet. For some reason I just cant 
seem......}  Qxb7 {thats strange - i know 
sometimes I just click and move very quickly which 
lands me in trouble -}  22.b3 {My problem is 
concentration on the web. Much harder for me to 
see "the bigger picture" as it were}  Qc6 23.a4 
{Yeah. That's my problem too. lol. Move much too 
fast}  Rac8 {a draw?}  1/2-1/2

[Event "HCL-B197"]
[Site "www.playchess.de"]
[Date "2001.03.03"]
[Round "15"]
[White "toilet"]
[Black "Zeus"]
[WhiteElo "1881"]
[BlackElo "1676"]
[PlyCount "61"]
[Result "1/2-1/2"]

1.e4 {So we meet again :-) g/l}  c5 {Indeed, my 
young Jedi!  May the "Flush" be with you!  ;-)!}  
2.Nf3 {Please, in this game, don't give me any 
crap.lol}  Nc6 {Funny!  You are really on a 
"roll"...lol ;-)}  3.d4 {roll.That's hilarious!! I 
am on a roll, it stinks.}  cxd4 
{Sorry...everyone's a comodien...er comedian!  
;-)}  4.Nxd4 {I meant it...it was really funny.You 
should have seen me,rofl}  g6 {Sure fella...just 
trying to get into my..."head" lol!}  5.Be3 
{Trying to get in your plumbing}  Bg7 {Butt now be 
honest...you don't really give a crap about my 
plumbing?}  6.Nc3 {your right I don't, butt...}  
Nf6 {Well!  See if I ass you any more questions!!  
lol}  7.Bc4 {ass me anything, butt don't expect me 
to asswer.}  O-O {Lol!!!  You really "crack" me 
up!  Good night ;-)}  8.Bb3 {good night :-)}  d6 
{Good afternoon!  How is the world according to 
Davie today?}  9.f3 {Cava ?}  Qb6 {Come on 
toilet...doesn't that name ...ring...a bell?}  
10.Nf5 {this seems like a bad move but...that's 
the best part of chess.Making strange moves!}  Qa5 
{yeah, I was looking at another game I have been 
playing locally and moved according to it,  duh 
;-(}  11.Nxg7 Kxg7 12.Qd2 Rd8 13.Bh6+ Kg8 {Good 
Morning!}  14.Bg5 {good morning, how are you?}  
Be6 {Fine...so far...I calculate that the 
misplaced move cost me 1/2 tempo}  15.Bxf6 exf6 
{Lock and load...here we go!}  16.Nd5 Qxd2+ 
17.Kxd2 Bxd5 {There was a stronger continuation 
than this one?!}  18.Bxd5 {if there was I didn't 
see it! davie=loser lol}  Ne7 {You are no loser, 
my friend!  You are tough!}  19.Rhe1 {greetings my 
friend...happen to catch polgar vs shirov today? 
check it out on kc if you haven't!}  Rac8 {No I 
haven't been at KC in some time.  I will though 
;-)}  20.Bxb7 {guten morgen}  Rcb8 {Morgen}  
21.Bd5 {ok}  Nxd5 {Have you and Jennifer watched 
"Meet Joe Black" yet?}  22.exd5 {not 
yet...completely forgot too...we will soon 
though!}  Rxb2 {WOW!  That was a quick move...I 
thought there was a screw-up with my computer!}  
23.Reb1 Rdb8 {Another classical struggle...}  
24.Kc1 {it is titanic}  R2b5 25.a4 R5b4 26.c3 {for 
training with fischer, leko sure doesn't play like 
it.draw master}  R4b7 {The King of the 
Non-Conflict!  I am beginning to wonder if this 
"training" isn't a ruse!}  27.Rxb7 {probably is a 
ruse.If only the master would come back!}  Rxb7 
{If only....}  28.Rb1 Rc7 29.Rb8+ Kg7 {It still 
irritates me that this games current difficulties 
have arisen from a non-chess related gaff}  30.Rd8 
{I know it does...sorry:-( if it makes you feel 
better I'm not so good at end games}  Rxc3+ {Guess 
I need some cheese with my whine.  Do you have any 
grey poupon...lol}  31.Kd2 1/2-1/2

[Event "HCL-A090"]
[Site "www.playchess.de"]
[Date "2001.03.03"]
[Round "11"]
[White "Matti"]
[Black "Gruhni"]
[WhiteElo "1629"]
[BlackElo "1288"]
[PlyCount "27"]
[Result "1-0"]

1.d4 {Hallöchen. Wünsche dir viel Spaß.}  e6 {Dir 
auch viel Spaß.}  2.e4 d5 3.Nc3 Bb4 4.a3 Bxc3+ 
5.bxc3 dxe4 6.f3 exf3 7.Nxf3 Nc6 8.Bd3 h6 9.O-O 
Nf6 10.Ne5 Nxe5 11.dxe5 Nd5 12.Qh5 O-O 13.Bxh6 
{Ich sehe voraus, daß du bald Schwierigkeiten 
hast.}  gxh6 {Ja, sieht sehr schlecht aus!}  
14.Qxh6 1-0

[Event "HCL-B205"]
[Site "www.playchess.de"]
[Date "2001.03.03"]
[Round "2"]
[White "player27"]
[Black "Translightor"]
[WhiteElo "1461"]
[BlackElo "1476"]
[PlyCount "52"]
[Result "1/2-1/2"]

1.Nf3 {hallo Jürgen, auf zu einer weiteren 
Schlacht! Gruss andy}  Nf6 {Da ist also das alter 
ego von ATP! Na, dann lass es uns mal krachen, 
Andy!}  2.c4 {na dann mal los...}  e6 {Spielen ATP 
und player27 eigentlich unterschiedlich? 
Eröffnungen oder so?}  3.Nc3 {*grins* nun lass 
doch mal den ATP aus dem Spiel! wirklich nur 
Gelegenheitsspieler!hier ernst!! ; )}  c5 {Ach, 
darum habe ich in der letzten Partie ein Remis 
geschafft. Okay, ich bin gewarnt!}  4.g3 {in der 
Tat, hier muss ich mich mehr anstrengen, das 
Niveau ist eindeutig höher!}  b6 {Trotzdem ist B 
keine hohe Hürde. In B185 habe ich den Aufstieg in 
die A-Klasse schon fast geschafft.}  5.Bg2 {Waas?? 
Schau mal in B-180! Mörderturnier- und ist -A 
nicht auch Niemandsland wie ACL-E}  Bb7 
{Glückssache. Du kannst auf B eine Gruppe mit 
einem Schnitt von 1200 erwischen oder auch 1700.}  
6.O-O {du spielst ein 7er Turnier- Respekt! ob ich 
so hoch hinauswill? mal überlegen,evtl mit neuem 
Nick *g}  a6 {Mein höchster Gegnerschnitt ist 
1581. Aber je stärker die Gegner, um so mehr kann 
die ELO klettern.}  7.b3 {auf das Rating lege ich 
nicht so grossen Wert! (Fernschach)- die Spieler 
der Klasse X kochen auch nu}  Be7 {Eben, deswegen 
wir beide eines Tages auch in der Klasse X spielen 
:)}  8.Bb2 {aber du weisst, erst warten, bis ein 
Turnier komplett ist,dann Aufstieg : )}  O-O 
{Meine Strategie: Viele Turniere starten und mit 
dem ersten, das fertig ist, aufsteigen!}  9.e3 
{mein Plan:hier weiter aufsteigen,mit ATP auch, 
und ein neuer Nick für C muss her ; )}  d5 
{Einfacher wär's ja, alles ganz locker zu nehmen 
und Nicks für A, E, M und X anzuschaffen.}  
10.cxd5 {stimmt, ist zu unübersichtlich und teilw. 
auch überflüssig-da hab ich bei Erstanmeldung 
nicht ge8et}  Nxd5 {Ich bräuchte ein Nick für 
freechess, weil ich da zu deprimiert bin.}  11.d4 
{sorry,habe deinen letzten Chat nicht genau 
beachtet-mehrere Nicks sind mögl. (peze) ...}  
Nxc3 12.Bxc3 {...und du kannst dich wohl in allen 
Klassen anmelden-bei freech. immer noch brutal 
schwer (0022)}  Bf6 {Außerdem bräuchte ich ein 
Nick, das für mich arbeitet, damit ich mehr Zeit 
für Schach habe!!!!!!!!!!}  13.Qd2 {ach, das 
schaffst DU alles alleine!!}  Nd7 {Muss gehen, 
aber die Arbeit leidet schon!}  14.Rfd1 {gefällt 
mir schon wieder nicht- weiss auch nicht warum-ist 
aus dem Bauch raus}  Qc7 {Late-Night-Moves.}  
15.Rac1 Rac8 {Ich habe diese Woche viel Arbeit im 
Büro und kann daher nur selten ziehen.}  16.Bb2 
{kein Problem!!}  Rfd8 {Schnell noch einen Move, 
bevor es zur Malooche geht!}  17.Qe2 {PAUSE}  Qb8 
{Auch Nachtschicht?}  18.dxc5 {schachlich gesehen 
ja, habe aber keinen Bock!  ; )}  Bxb2 {Bin jetzt 
wieder zu Hause; noch schnell ein Nachthupferl - 
habe danach ja 4 Stunden Zeit zum Schlafe}  
19.Qxb2 { )}  Nxc5 {Mal gucken, wie die Stellung 
bei Tageslicht aussieht - scheint noch alles im 
Lot zu sein.}  20.b4 {ja, leider : ( habe mit 
Weiss gar nix rausgeholt}  Ne4 {Wieder mal so 'ne 
Stellung, die keiner mehr gewinnen, aber jeder 
noch verlieren kann!}  21.Rxd8+ {dieser 
Stellungstyp liegt mir nicht so sehr...}  Rxd8 
{Verstehe ich nicht, ist doch alles ganz 
normal...}  22.a4 {hier ist kaum Action-gegen 
dakini hatte ich zwei scharfe Stellungen...}  Qd6 
{Es läuft halt nicht immer so - gegen mich hat 
Dakini bislang kein Glück gehabt.}  23.Nd2 {mal 
schaun, was ich hier noch rausholen kann  : )}  
Qd3 {Wo hast Du bloß DEN Zug wieder ausgegraben?}  
24.Nxe4 {willst du damit sagen, dir gefällt mein 
letzter Zug nicht!?  % -/}  Bxe4 {Ich war zuerst 
richtig geschockt, weil jede scheinbare 
Widerlegung nicht funktionierte.}  25.Bxe4 {ach 
was,scheint harmlos zu sein *g* und ich nehme auf 
E4! nice WE!}  Qxe4 {Muss ich wohl zurücknehmen. 
Langsam mal das Endspiel-Modul aktivieren...}  
26.Qc3 {...}  g6 {Oder vielleicht schenken wir uns 
den Aufwand auch.}  1/2-1/2

[Event "HCL-C206"]
[Site "www.playchess.de"]
[Date "2001.03.03"]
[Round "4"]
[White "arsenic"]
[Black "Coney"]
[WhiteElo "1219"]
[BlackElo "1053"]
[PlyCount "24"]
[Result "0-1"]

1.e4 e5 2.Nf3 Nc6 3.Bb5 a6 4.Ba4 Nf6 5.Bxc6 dxc6 
6.d3 Bc5 7.Nxe5 Bxf2+ 8.Kxf2 Qd4+ 9.Be3 Qxe5 
10.Nc3 Ng4+ 11.Ke2 Nxh2 12.Kd2 
Ng4 0-1

[Event "HCL-C206"]
[Site "www.playchess.de"]
[Date "2001.03.03"]
[Round "6"]
[White "kiljoy"]
[Black "Coney"]
[WhiteElo "1000"]
[BlackElo "1053"]
[PlyCount "21"]
[Result "1-0"]

1.d4 {all the best, friend.}  Nf6 {All the best, 
yourself.}  2.Nf3 {hello there!}  g6 3.Nc3 {good 
morning, coney (andrew?)}  Bg7 {Good morning !}  
4.e4 {good day.}  d5 5.e5 {where in england do you 
stay?}  Ne4 6.Nxe4 {is it always morning in the 
old blighty?}  dxe4 {Usually !}  7.Ng5 {good 
morning! - ha-ha.}  Qd5 8.c4 Qc6 9.d5 Qd7 10.Nxf7 
Kxf7 11.e6+ {no queen over the weekend?!} 
 1-0

[Event "HCL-C201"]
[Site "www.playchess.de"]
[Date "2001.03.03"]
[Round "6"]
[White "Coney"]
[Black "MEATHEAD"]
[WhiteElo "1053"]
[BlackElo "1029"]
[PlyCount "41"]
[Result "1-0"]

1.e4 {All the best !}  e5 2.f4 exf4 3.Nf3 Nf6 4.e5 
Ne4 5.d3 Nc5 6.Bxf4 c6 7.d4 Ne4 8.Bd3 Bb4+ 9.c3 
Nxc3 10.bxc3 Ba5 11.O-O d5 12.exd6 O-O 13.Ng5 g6 
14.Nxf7 Rxf7 15.Bc4 b5 16.Bxf7+ Kxf7 17.Bg5+ Ke6 
18.Qe2+ Kxd6 19.Qe5+ Kd7 20.Rf7+ Qe7 {you got me}  
21.Qxe7+ 1-0

[Event "HCL-B206"]
[Site "www.playchess.de"]
[Date "2001.03.03"]
[Round "6"]
[White "DrJon"]
[Black "Ptmonger"]
[WhiteElo "1300"]
[BlackElo "1200"]
[PlyCount "53"]
[Result "1-0"]

1.d4 {Have a good game, handshake}  Nf6 2.Nf3 d5 
3.h3 e6 4.Bf4 Bd6 {hello.}  5.Ne5 Nc6 {How are you 
doing?}  6.e3 Ne4 7.Bd3 f6 8.Qh5+ g6 9.Nxg6 Rg8 
10.Qxh7 Ne7 11.Nxe7 Rf8 12.Ng6 Ng5 13.Bxg5 Rf7 
14.Qg8+ Bf8 15.Nxf8 Rxf8 16.Bg6+ Kd7 17.Qg7+ {I 
admire your spirit.}  Kc6 {thanks, but you have 
determination.}  18.Bf4 Bd7 19.Bh7 b6 20.O-O Kb7 
21.c4 Bc6 22.Rc1 {good moves, tough position}  f5 
23.c5 b5 24.Nd2 a5 25.a3 Qh4 {tough moves due to 
great pressure.}  26.Qxc7+ {Having just given a 
Queen away in my first loss on this server I move 
forward}  Ka6 27.Qb6+ {thank you for good game} 
 1-0

[Event "HCL-C201"]
[Site "www.playchess.de"]
[Date "2001.03.03"]
[Round "18"]
[White "McLeod"]
[Black "Coney"]
[WhiteElo "1000"]
[BlackElo "1053"]
[PlyCount "39"]
[Result "1-0"]

1.e4 e5 2.f4 exf4 3.Nf3 d5 4.exd5 Nf6 5.Bc4 Bd6 
6.O-O O-O 7.d4 Re8 8.Nc3 Bg4 9.Qd3 Bb4 10.Bxf4 
Bxc3 11.bxc3 Nxd5 12.Ng5 g6 13.Nxf7 Qd7 14.Nh6+ 
Kg7 15.Nxg4 Nxf4 16.Rxf4 Re7 17.Raf1 Qd6 18.R4f8 
h5 19.Rg8+ Kh7 20.Nf6+ 1-0

[Event "HCL-B206"]
[Site "www.playchess.de"]
[Date "2001.03.03"]
[Round "14"]
[White "Whatever"]
[Black "Ptmonger"]
[WhiteElo "1537"]
[BlackElo "1200"]
[PlyCount "45"]
[Result "1-0"]

1.e4 e5 2.Nf3 {Have a good game.}  Nc6 3.Bc4 Nf6 
{You too.}  4.Ng5 d5 {You too! Good luck!}  5.exd5 
Nxd5 6.Nxf7 Kxf7 7.Qf3+ Ke8 8.Bxd5 Ne7 9.Bf7+ Kd7 
10.Qd3+ Nd5 11.Qxd5+ Bd6 12.Be6+ Ke8 13.O-O c6 
14.Qb3 Qf6 15.Bxc8 Rxc8 16.Nc3 Qh4 17.Qe6+ Be7 
18.Qxc8+ Bd8 19.Qe6+ Be7 20.d3 Rf8 21.Ne4 h6 
22.Nd6+ Kd8 23.Qc8+ 1-0

[Event "HCL-B208"]
[Site "www.playchess.de"]
[Date "2001.03.03"]
[Round "2"]
[White "dakini"]
[Black "Translightor"]
[WhiteElo "1188"]
[BlackElo "1465"]
[PlyCount "58"]
[Result "0-1"]

1.e4 {...}  c5 {...}  2.Nf3 {Dies wird vorerst 
mein letztes Turnier sein.}  e6 {Wetten, nicht?}  
3.d4 {Ich freue mich schon drauf!}  cxd4 {Solche 
Sprüche kenne ich von mir selbst!}  4.Nxd4 {Mein 
Opa sagt immer "Selbstführung" dazu !}  a6 {Dann 
gibt's aber immer noch die innere Stimme, die 
sagt: "Spiel'n wir nochmal eins!"}  5.Bd3 {Es ist 
schon erstaunlich, wieviel Kraft das kostet. Ist 
aber zugegebenermaßen eine schöne Sucht gewe}  b5 
{Gewesen? Du redest so, als wenn Du Dir das 
Rauchen abgewöhnen möchtest.}  6.O-O {Es gibt 
andere Laster ... Irgendwo muß man mal anfangen}  
Bb7 {Aber doch nicht gerade mit dem Laster, wo das 
Abgewöhnen am schwersten fällt!}  7.Bf4 {Der 
Sprung ins kalte Wasser hat noch keinem 
geschadet.}  d6 {Ich muss auch gleich ins kalte 
Wasser und mit meiner Übersetzung weitermachen.}  
8.Nd2 Be7 {Letzte Pause, dann noch eine Seite 
übersetzen - Nachtschicht vorbei!}  9.N2f3 e5 {Ich 
weiß nicht, ob das gut ist, sich hier einen Klotz 
abzuholen, ohne rochiert zu haben.}  10.Ne6 {Im 
letzten Spiel mal ganz verrückt nach vorn 
geprescht.}  fxe6 {Nicht gucken - nur wegnehmen!}  
11.Nxe5 dxe5 {Wenn das gutgeht, wird das Deine 
"Unsterbliche".}  12.Qh5+ {Ein wenig wirst Du wohl 
noch beisteuern müssen!}  g6 {Ich steuere doch 
nicht mal dem Finanzamt gerne bei!}  13.Qxe5 {Bei 
dem Verein unterhalten wir so manche Patenkinder 
und können das noch nicht mal als Spende absetz}  
Bf6 {Boris kann sein "Patenkind" bestimmt auch 
nicht von der Steuer absetzen.}  14.Qxe6+ {Wie 
heißen eigentlich die Ärmelschoner, die die 
Beamten gelegentlich als Artenzugehörigkeitssymbol 
t}  Qe7 {Ärmelschoner - oder ???}  15.Qb6 {Die 
haben irgendeine Spezialbezeichnung ... ich komme 
aber nicht drauf}  Kf7 {Gar nicht so einfach, 
diese Stellung.}  16.Bd6 {Noch ... aber ich denke 
, das Strohfeuer ist bald zuende. Und : Noch kein 
neues Turnier!!!}  Qd7 {Wenn Du ne Partie sehen 
willst, wo ich mit 3 Plusfiguren Riesenprobleme 
hat, dann spiel C138-15 nach}  17.Rfe1 Qc6 18.Bc5 
{C 138 -15 erscheint in den Turnieren nicht mehr 
... auch über Deine statistic nicht. Schade}  Qxb6 
{Versuch's über Games and Ratings. Die Partie war 
am 22.1. vorbei.}  19.Bxb6 Nd7 20.Ba5 {Das 
Wochenende sei eingeläutet!}  Bxb2 {Ich muss noch 
bis 18 Uhr auf das Telefon aufpassen, danach 
wechsle ich an den heimischen PC.}  21.Rad1 {Bist 
Du verheiratet?}  Ne5 {Nein. Familienstand: 
Schachspieler. Geht's Dir genauso?}  22.f4 {Ich 
bin glücklich verheiratet! Antje haßt aber Schach 
:-))}  Nxd3 {Immerhin lässt sie Dich noch spielen, 
sonst wärst Du nicht GLÜCKLICH verheiratet.}  
23.Rxd3 {Tja, einfach ist es nicht, an den 
Computer zu kommen ...}  Ne7 {Hast Du auch Kinder, 
die sich ebenfalls um den Computer kloppen?}  
24.e5 {Kinder noch keine. Und Du?}  Rhc8 {Bin ich 
Boris?}  25.e6+ {Boris spielte auch mal Schach !}  
Ke8 {Ich spiele besser Schach als Boris, und dafür 
ist er besser im Kinderkriegen!}  26.Rdd1 {Leider 
müssen Deine Spielpartner nach dem Triumphgefühl 
darben ...}  Rxc2 {Gegen Dich habe ich einen guten 
Score. Es gibt aber auch einige, die lassen mich 
immer darben...}  27.Rd7 {Wir spielen das Ding 
jetzt zuende !}  Bd5 {Aber klar doch! Noch kann 
die Stellung verpatzt werden.}  28.Re3 Rac8 {Das 
ist wieder typisch: Es ist Samstag, und ich bin 
morgens früher wach als in der Woche.}  29.h4 {Das 
nennt man "senile Bettflucht"!}  Bd4 {Wir sind 
beide senil, weil wir Ld4 nicht früher gesehen 
haben.}  0-1